Zarys kultury ludowej Śląska Cieszyńskiego

Bibliographic Details
Main Author: Dembiniok, Marian (Author)
Format: Book
Language:Polish
PhysicalDescription:19 s. 21 cm
Published: Cieszyn Muzeum w Cieszynie 1995
Subjects:

MARC

LEADER 00000nam a2200000 a 4500
001 vtls001360708
003 SK-MaSNL
005 20260301115043.0
008 251124s1995 PL a 0 pol
020 |c [45,00] 
035 |a SNK000314273 
040 |a SNK  |b slo  |c SNK  |e AACR2 
044 |a PL 
080 |a 943.8-31  |2 1981 
100 1 |a Dembiniok, Marian  |4 aut  |9 459438 
245 1 0 |a Zarys kultury ludowej Śląska Cieszyńskiego  |c Marian Dembiniok 
260 |a Cieszyn  |b Muzeum w Cieszynie  |c 1995 
300 |a 19 s.  |c 21 cm 
651 7 |a Sliezsko (Poľsko: Tešín, oblasť)  |x pomery spoločensko-kultúrne  |x kultúra ľudová  |x dejiny  |2 SNK  |9 459439 
999 |c 720779  |d 722709 
952 |t P60, <04>, [BOOK], {604}  |a SNK  |b SNK  |y VYP  |7 0  |p 17A0189783  |o snkOIC 6688  |i snkV 320/99  |0 0  |1 0  |4 0  |d 1999-04-20  |l 0  |r 2005-01-02 00:00:00  |w 2026-02-23